Vládce hněvu /

Závěr epické fantasy trilogie Sága Ohňotvůrců. Králem popela to začalo, Královnou bouří gradovalo, a nyní vše končí v krvi, zmaru, ale i naději.

Uloženo v:
Série:Sága ohňotvůrců, část 3
Hlavní autor: Feist, Raymond E., 1945- (Autor)
Další autoři: Procházka, Aleš Jan (Autor)
Médium: Kniha
Jazyk:Czech
Vydáno: Praha : Euromedia Group, 2026
Vydání:Vydání první
Témata:
Celkem bylo vypůjčeno:0x
Příbuzné jednotky:Z cyklu:: Sága ohňotvůrců
Tagy:
Žádné tagy
LEADER 02689nam a2200457 i 4500
001 106709
003 CZ PrNK
005 20260701135332.0
007 ta
008 260626s2026 xr g 000 f cze
015 |a cnb003766362 
020 |a 9788028416935  |q (vázáno) 
040 |a ABG001  |b cze  |e rda 
041 1 |a cze  |h eng 
072 7 |a 821.111(73)-3  |x Americká próza  |2 Konspekt  |9 25 
080 |a 821.111(73)-31  |2 MRF 
080 |a (0:82-312.9)  |2 MRF 
100 1 |a Feist, Raymond E.,  |d 1945-  |7 ola2002105343  |4 aut  |9 12739 
240 1 0 |a Master of Furies.  |l Česky 
245 1 0 |a Vládce hněvu /  |c Raymond E. Feist ; přeložil Aleš Jan Procházka 
250 |a Vydání první 
264 1 |a Praha :  |b Euromedia Group,  |c 2026 
300 |a 446 stran ;  |c 22 cm 
336 |a text  |b txt  |2 rdacontent 
337 |a bez média  |b n  |2 rdamedia 
338 |a svazek  |b nc  |2 rdacarrier 
500 |a "Sága ohňotvůrců - kniha třetí"--Obálka 
500 |a Přeloženo z angličtiny 
500 |a Na obálce uvedeno nakladatelství Laser 
520 2 |a Závěr epické fantasy trilogie Sága Ohňotvůrců. Králem popela to začalo, Královnou bouří gradovalo, a nyní vše končí v krvi, zmaru, ale i naději.  |b Marquensasem se přehnala ničivá válka. Nemilosrdní nájezdníci povraždili tisíce nevinných, mezi něž patřila i Gwen, milovaná žena kováře Declana. Declan, jehož svět se během jediného dne obrátil v prach a popel, přísahal pomstu a vstoupil do služeb barona Daylona Dumarche, jehož rodina byla zmasakrována při útěku z hlavního města. Mezitím se Havě, která v sobě objevila vlohy pro pirátství, podařilo obsadit kořistní loď cizích nájezdníků, a nyní velí mocnému korábu jménem Královna bouří. Nepřátelé jí říkají "Mořský démon" a chystá se udeřit tam, kde to vůdce vraždících hord bude bolet nejvíce. Její manžel Hatušaly, který je posledním členem královského rodu z Ithrace, se mezitím pokouší ovládnout své kouzelné schopnosti. Nyní již z části dokáže vládnout základním stavebním částicím vesmíru. Nakladatelská anotace. Kráceno. 
655 7 |a americké romány  |7 fd131796  |2 czenas  |9 53403 
655 7 |a fantasy romány  |7 fd184199  |2 czenas  |9 54250 
655 9 |a American fiction  |2 eczenas 
655 9 |a fantasy novels  |2 eczenas 
700 1 |a Procházka, Aleš Jan  |4 trl 
710 2 |a Euromedia Group  |7 kn20100114009  |4 pbl  |9 117126 
787 0 8 |i Z cyklu:  |t Sága ohňotvůrců  |g 3 
910 |a UOG502 
942 |2 ddc  |c KN 
999 |d 106709 
993 |0 0  |1 421180107437  |2 ddc  |4 0  |7 0  |9 100215  |b 0  |c 107437  |d 2026-07-01  |e 0  |f DOSP  |h 499.00  |i Koupě  |l DOSP  |r 2026-07-02  |t 6  |w 2026-07-01  |y KN  |z SFF  |n